00745nam a2200217Ia 4500003000900000008004100009020001800050040001600068080001700084100002500101245008900126260004000215300001300255490003400268650002200302650002600324650001900350942000700369999001700376952013400393IN-BaIIA211028s9999 xx 000 0 eng d a0-201-45564-1 cIIA Library a530.145bSAK aSakurai, J. J919161 0aModern quantum mechanicscJ. J. Sakurai  aMassachussetsbAddison-Wesleyc1999 ax, 500p. aInternational student edition aQuantum mechanics aQuantum physics92816 aQuantum theory cBK c12947d12947 00104070aBANbBANcGENd1999-03-15g252.00l1o530.145/ SAKp13864r2025-12-15s2025-12-15v252.00w1999-03-15yBKGRs. 252.00